Normal view MARC view
  • Supervised by Dr. Adil Masood Siddiqui

Entry Personal Name

Number of records used in: 8

001 - CONTROL NUMBER

  • control field: 132783

003 - CONTROL NUMBER IDENTIFIER

  • control field: NUST

005 - DATE AND TIME OF LATEST TRANSACTION

  • control field: 20260116183217.0

008 - FIXED-LENGTH DATA ELEMENTS

  • fixed length control field: 260116|| aca||aabn | a|a d

040 ## - CATALOGING SOURCE

  • Original cataloging agency: NUST
  • Transcribing agency: NUST

100 ## - HEADING--PERSONAL NAME

  • Personal name: Supervised by Dr. Adil Masood Siddiqui

670 ## - SOURCE DATA FOUND

  • Source citation: Work cat.: (NUST): Nazir, Zeeshan 132782, Welcoming and path navigator robot /, June, 2017
© 2023 Central Library, National University of Sciences and Technology. All Rights Reserved.